Sanat - "Kuinka paljon" - Juha Tapio - Statistics

Yleistilastot
  • Tätä visaa on pelattu 74 kertaa
  • Keskiarvotulos 51 / 88
Vastaustilastot
Vastaus % Oikein
Kuinka
100%
Kuinka
100%
paljon
100%
paljon
100%
94%
ihmisen
88%
ihmisen
88%
ja
88%
jaksaa
88%
jaksaa
88%
täytyy
88%
täytyy
88%
ei
82%
kuitenkaan
82%
kuitenkaan
82%
omistaa
82%
omistaa
82%
ponnistaa
82%
ponnistaa
82%
saa
82%
saa
82%
tulvavettä
82%
tulvavettä
82%
tummaa
82%
tummaa
82%
et
76%
maksaa
76%
maksaa
76%
onnesta
76%
onnesta
76%
sitä
76%
sitä
76%
vasten
76%
vasten
76%
sun
59%
voi
59%
voi
59%
Me
53%
minä
53%
Niin
53%
vaikka
53%
vaikka
53%
ääntäkään
47%
etsi
47%
hengitämme
47%
hiljaa
47%
kaikkensa
47%
kaikkensa
47%
kuuluu
47%
liike
47%
niinkuin
47%
niinkuin
47%
pienin
47%
tuskin
47%
voisi
47%
alta
41%
haparoiden
41%
hauraan
41%
jään
41%
kätes
41%
kättä
41%
murtaa
41%
pimeää
41%
sua
41%
autan
35%
haluaisin
35%
haluaisin
35%
huomaamatta
35%
ihmeisiin
35%
jäljet
35%
jälkeen
35%
kaiken
35%
kaikin
35%
löytämään
35%
lyöneet
35%
meihin
35%
melkein
35%
molempiin
35%
ovat
35%
pelkäämättä
35%
rakastaa
35%
Silti
35%
syöneet
35%
uskaltaa
35%
uskon
35%
vielä
35%
voimin
35%
vuodet
35%
Ehtoja vastaavia visoja ei löytynyt
Tulosjakauma
Jokaisen tuloksen saaneiden osuus
Persentiili vastausten määrän mukaan
Tuloshistoriasi
Et ole pelannut tätä visaa